000 00298nam a22001337a 4500
008 170831b xxu||||| |||| 00| 0 eng d
020 _a2900195337432
041 _aeng
080 _29TH
_a070
100 _a40
101 _aMED
245 _aREPORTING FOR THE MEDIA
_cBENDER,J.R
942 _2udc
_cBK
999 _c25868
_d25868